[Event "IND-chT 37th"]
[Site "Bhopal"]
[Date "2017.02.07"]
[Round "8.2"]
[White "Saravana, Krishnan P"]
[Black "Unas, KA."]
[Result "1-0"]
[WhiteElo "2308"]
[BlackElo "1805"]
[PlyCount "125"]
[EventDate "2017.02.02"]
[EventType "team-swiss"]
[EventRounds "9"]
[EventCountry "IND"]
[SourceTitle "CBM 176 Extra"]
[Source "ChessBase"]
[SourceDate "2017.03.02"]
[SourceVersion "1"]
[SourceVersionDate "2017.03.02"]
[SourceQuality "1"]
[WhiteTeam "Viyugam CA"]
[BlackTeam "Kerala"]
[WhiteTeamCountry "IND"]
[BlackTeamCountry "IND"]

1. e4 c6 2. d4 d5 3. e5 Bf5 4. Nd2 h6 5. Nb3 e6 6. Nf3 Nd7 7. Be2 Ne7 8. 0-0 g5 9. Ne1 c5 10. Nxc5 Nxc5 11. dxc5 Nc6 12. Bd3 Bxc5 13. Bxf5 exf5 14. Nd3 Bb6 15. a4 a5 16. c3 f4 17. Qh5 Rh7 18. b3 Qe7 19. Ba3 Qe6 20. Rfe1 0-0-0 21. b4 d4 22. c4 Qxc4 23. Qe2 axb4 24. Bxb4 Kb8 25. Reb1 Bc7 26. Rc1 Qe6 27. Nc5 Qd5 28. Qb5 Nxb4 29. Qxb4 Bxe5 30. Rab1 f6 31. Qa5 Bc7 32. Na6+ Ka7 33. Qxd5 Rxd5 34. Nxc7 Rdd7 35. Nb5+ Ka6 36. Rc8 b6 37. Ra8+ Kb7 38. Ra7+ Kb8 39. Rxd7 Rxd7 40. Kf1 d3 41. Ke1 Re7+ 42. Kf1 g4 43. Rd1 Rd7 44. Ke1 Re7+ 45. Kd2 Re2+ 46. Kxd3 Rxf2 47. Rd2 Rf1 48. Nd4 Ra1 49. Rf2 Ra3+ 50. Ke4 Rxa4 51. Rxf4 h5 52. Rf2 b5 53. Rb2 b4 54. Nc6+ Kc7 55. Nxb4 Ra1 56. Nd5+ Kd6 57. Nxf6 g3 58. hxg3 Rh1 59. Kf5 h4 60. gxh4 Rxh4 61. g4 Ke7 62. Rb7+ Kf8 63. Ke6 1-0